Đậu tương, đậu xanh và kỹ thuật trồng

Salvato in:
Dettagli Bibliografici
Ente Autore: Đậu tương
Lingua:Undetermined
Pubblicazione: Hà Nội Văn hoá dân tộc 2004
Soggetti:
Tags: Aggiungi Tag
Nessun Tag, puoi essere il primo ad aggiungerne! !
Thư viện lưu trữ: Trung tâm Học liệu Trường Đại học Trà Vinh
LEADER 00421nam a2200145Ia 4500
001 TVU_1521
008 210423s9999 xx 000 0 und d
041 |a Vie 
245 0 |a Đậu tương, đậu xanh và kỹ thuật trồng 
260 |a Hà Nội 
260 |b Văn hoá dân tộc 
260 |c 2004 
650 |a Đậu tương; Đậu xanh 
710 |a Đậu tương 
980 |a Trung tâm Học liệu Trường Đại học Trà Vinh